[Event "MCRE_O22"]
[Site "?"]
[Date "2004.??.??"]
[Round "?"]
[White "Stika, Vaclav"]
[Black "Rotter, Walter"]
[Result "1-0"]
[WhiteElo "1831"]
[BlackElo "1938"]
[PlyCount "27"]
[EventDate "2004.??.??"]
[EventType "corr"]
[EventRounds "2"]
[SourceDate "2005.03.12"]

1. e4 e5 2. Nf3 Nc6 3. Bc4 Nf6 4. Ng5 d5 5. exd5 Na5 6. Bb5+ c6 7. dxc6 bxc6 8.
Qf3 Rb8 9. Bxc6+ Nxc6 10. Qxc6+ Nd7 11. d3 Bc5 12. Qf3 O-O 13. Nc3 Be3 14. Qxe3
1-0

[Event "MCRE_O22"]
[Site "?"]
[Date "2004.??.??"]
[Round "?"]
[White "Jezek, Otakar"]
[Black "Simunek, Jiri"]
[Result "1-0"]
[WhiteElo "1800"]
[BlackElo "1835"]
[PlyCount "28"]
[EventDate "2004.??.??"]
[EventType "corr"]
[EventRounds "2"]
[SourceDate "2005.03.12"]

1. c4 e6 2. e4 d5 3. e5 c5 4. d4 Nc6 5. Nf3 Bd7 6. Be2 Nge7 7. O-O Ng6 8. Bg5
f6 9. exf6 gxf6 10. Be3 Qb6 11. Qc2 Rg8 12. Nbd2 e5 13. dxe5 fxe5 14. Rad1 Qc7
1-0

[Event "MCRE_O22"]
[Site "?"]
[Date "2004.??.??"]
[Round "?"]
[White "Simunek, Jiri"]
[Black "Jezek, Otakar"]
[Result "0-1"]
[WhiteElo "1835"]
[BlackElo "1800"]
[PlyCount "31"]
[EventDate "2004.??.??"]
[EventType "corr"]
[EventRounds "2"]
[SourceDate "2005.03.12"]

1. d4 e6 2. c4 Nf6 3. Nc3 c6 4. e4 d5 5. e5 Ne4 6. Nxe4 dxe4 7. Ne2 Nd7 8. Nc3
f6 9. Nxe4 fxe5 10. dxe5 Qa5+ 11. Bd2 Qxe5 12. Bd3 Qxb2 13. O-O Qa3 14. Bc3 e5
15. Rb1 Be7 16. Qh5+ 0-1

[Event "MCRE_O22"]
[Site "?"]
[Date "2004.??.??"]
[Round "?"]
[White "Simunek, Jiri"]
[Black "Stika, Vaclav"]
[Result "0-1"]
[WhiteElo "1835"]
[BlackElo "1831"]
[PlyCount "32"]
[EventDate "2004.??.??"]
[EventType "corr"]
[EventRounds "2"]
[SourceDate "2005.03.12"]

1. d4 Nf6 2. c4 e6 3. Nc3 d5 4. Nf3 c6 5. e3 Nbd7 6. Bd3 Bd6 7. O-O O-O 8. Qc2
dxc4 9. Bxc4 Qe7 10. Bd2 e5 11. Rae1 e4 12. Ng5 Nb6 13. Bb3 Bxh2+ 14. Kxh2 Ng4+
15. Kg1 Qxg5 16. Qxe4 Nf6 0-1

[Event "MCRE_O22"]
[Site "?"]
[Date "2004.??.??"]
[Round "?"]
[White "Stika, Vaclav"]
[Black "Simunek, Jiri"]
[Result "1-0"]
[WhiteElo "1831"]
[BlackElo "1835"]
[PlyCount "29"]
[EventDate "2004.??.??"]
[EventType "corr"]
[EventRounds "2"]
[SourceDate "2005.03.12"]

1. e4 e6 2. d4 d5 3. Nd2 c5 4. Ngf3 Nc6 5. exd5 exd5 6. Bb5 cxd4 7. O-O Bd6 8.
Re1+ Nge7 9. Nxd4 O-O 10. N2b3 a6 11. Bf1 Nf5 12. c3 Nfxd4 13. Nxd4 Qc7 14. h3
Nxd4 15. Qxd4 1-0

[Event "MCRE_O22"]
[Site "?"]
[Date "2004.??.??"]
[Round "?"]
[White "Rotter, Walter"]
[Black "Simunek, Jiri"]
[Result "1-0"]
[WhiteElo "1938"]
[BlackElo "1835"]
[PlyCount "29"]
[EventDate "2004.??.??"]
[EventType "corr"]
[EventRounds "2"]
[SourceDate "2005.03.12"]

1. d4 e6 2. e4 d5 3. Bd3 dxe4 4. Bxe4 Nf6 5. Bd3 c5 6. c3 cxd4 7. cxd4 Nc6 8.
Nf3 Be7 9. O-O O-O 10. Nc3 b6 11. a3 Bb7 12. Be3 Rc8 13. Rc1 Re8 14. Qe2 Qd6
15. h3 1-0

[Event "MCRE_O22"]
[Site "?"]
[Date "2004.??.??"]
[Round "?"]
[White "Simunek, Jiri"]
[Black "Rotter, Walter"]
[Result "0-1"]
[WhiteElo "1835"]
[BlackElo "1938"]
[PlyCount "24"]
[EventDate "2004.??.??"]
[EventType "corr"]
[EventRounds "2"]
[SourceDate "2005.03.12"]

1. d4 Nf6 2. c4 b6 3. Nc3 Bb7 4. Qc2 d5 5. cxd5 Nxd5 6. Nf3 e6 7. e4 Nxc3 8.
bxc3 c5 9. Bb5+ Bc6 10. a4 a6 11. Bxc6+ Nxc6 12. O-O cxd4 0-1

[Event "MCRE_O22"]
[Site "?"]
[Date "2004.??.??"]
[Round "?"]
[White "Simunek, Jiri"]
[Black "Sedlaty, Martin"]
[Result "0-1"]
[WhiteElo "1835"]
[BlackElo "1800"]
[PlyCount "34"]
[EventDate "2004.??.??"]
[EventType "corr"]
[EventRounds "2"]
[SourceDate "2005.03.12"]

1. d4 Nf6 2. c4 e6 3. Nc3 d5 4. Nf3 c6 5. e3 Nbd7 6. Qc2 Bd6 7. Be2 dxc4 8.
Bxc4 O-O 9. O-O e5 10. a4 Qc7 11. a5 Re8 12. Bd3 a6 13. Bd2 h6 14. h3 exd4 15.
Nxd4 Nc5 16. Bc4 Qe7 17. Rfe1 Qe5 0-1

[Event "MCRE_O22"]
[Site "?"]
[Date "2004.??.??"]
[Round "?"]
[White "Sedlaty, Martin"]
[Black "Simunek, Jiri"]
[Result "1-0"]
[WhiteElo "1800"]
[BlackElo "1835"]
[PlyCount "31"]
[EventDate "2004.??.??"]
[EventType "corr"]
[EventRounds "2"]
[SourceDate "2005.03.12"]

1. c4 e6 2. d4 d5 3. Nf3 Nf6 4. e3 c5 5. cxd5 exd5 6. Bb5+ Bd7 7. Bxd7+ Nbxd7
8. dxc5 Nxc5 9. O-O Be7 10. Nc3 O-O 11. b3 Nce4 12. Bb2 Re8 13. Qd3 Bc5 14.
Rad1 Nxf2 15. Rxf2 Rxe3 16. Qc2 1-0

[Event "MCRE_O22"]
[Site "?"]
[Date "2004.??.??"]
[Round "?"]
[White "Sedlaty, Martin"]
[Black "Pauschek, Roman"]
[Result "1/2-1/2"]
[WhiteElo "1800"]
[BlackElo "2082"]
[PlyCount "50"]
[EventDate "2004.??.??"]
[EventType "corr"]
[EventRounds "2"]
[SourceDate "2005.03.12"]

1. e4 e5 2. Nf3 Nc6 3. Bb5 a6 4. Ba4 Nf6 5. O-O Be7 6. Nc3 b5 7. Bb3 d6 8. Re1
O-O 9. Nd5 Na5 10. d4 Nxd5 11. exd5 Bb7 12. dxe5 dxe5 13. Rxe5 c5 14. c3 Re8
15. Bf4 Nxb3 16. axb3 f6 17. Re6 Qxd5 18. Qe2 Kf7 19. Re1 Qd7 20. Ne5+ fxe5 21.
Qh5+ Kf8 22. Qf5+ Kg8 23. Qxe5 Kf7 24. Qf5+ Kg8 25. Qe5 Kf7 1/2-1/2

[Event "MCRE_O22"]
[Site "?"]
[Date "2004.??.??"]
[Round "?"]
[White "Pauschek, Roman"]
[Black "Simunek, Jiri"]
[Result "1-0"]
[WhiteElo "2082"]
[BlackElo "1835"]
[PlyCount "31"]
[EventDate "2004.??.??"]
[EventType "corr"]
[EventRounds "2"]
[SourceDate "2005.03.12"]

1. d4 e6 2. e4 d5 3. Nc3 Nf6 4. Bg5 dxe4 5. Nxe4 Be7 6. Bxf6 Bxf6 7. Nf3 Nd7 8.
Bd3 O-O 9. Qe2 c5 10. O-O-O cxd4 11. g4 e5 12. h4 Be7 13. Kb1 Qc7 14. g5 b6 15.
c3 Bb7 16. cxd4 1-0

[Event "MCRE_O22"]
[Site "?"]
[Date "2004.??.??"]
[Round "?"]
[White "Simunek, Jiri"]
[Black "Pauschek, Roman"]
[Result "0-1"]
[WhiteElo "1835"]
[BlackElo "2082"]
[PlyCount "30"]
[EventDate "2004.??.??"]
[EventType "corr"]
[EventRounds "2"]
[SourceDate "2005.03.12"]

1. d4 d5 2. c4 e6 3. Nc3 Nf6 4. Nf3 Bb4 5. cxd5 exd5 6. Bg5 h6 7. Bxf6 Qxf6 8.
Qb3 c5 9. e3 O-O 10. dxc5 Bxc3+ 11. Qxc3 Qxc3+ 12. bxc3 Nd7 13. Rd1 Nxc5 14.
Rxd5 b6 15. Rd1 Be6 0-1

[Event "MCRE_O22"]
[Site "?"]
[Date "2004.??.??"]
[Round "?"]
[White "Minovsky, Roman"]
[Black "Stika, Vaclav"]
[Result "0-1"]
[WhiteElo "1994"]
[BlackElo "1831"]
[PlyCount "36"]
[EventDate "2004.??.??"]
[EventType "corr"]
[EventRounds "2"]
[SourceDate "2005.03.12"]

1. e4 c5 2. Nf3 e6 3. d4 cxd4 4. Nxd4 Nf6 5. Nc3 d6 6. g4 h6 7. Bg2 Be7 8. h3
Nc6 9. Be3 O-O 10. f4 Qb6 11. Rb1 d5 12. e5 Nd7 13. Qd2 Nxd4 14. Bxd4 Qc7 15.
O-O b6 16. Nb5 Qc6 17. a4 a6 18. Nc3 b5 0-1

[Event "MCRE_O22"]
[Site "?"]
[Date "2004.??.??"]
[Round "?"]
[White "Stika, Vaclav"]
[Black "Minovsky, Roman"]
[Result "1-0"]
[WhiteElo "1831"]
[BlackElo "1994"]
[PlyCount "37"]
[EventDate "2004.??.??"]
[EventType "corr"]
[EventRounds "2"]
[SourceDate "2005.03.12"]

1. e4 e5 2. Nf3 Nc6 3. Bb5 Bc5 4. O-O Nf6 5. c3 O-O 6. d4 Bb6 7. Bg5 h6 8. Bh4
d6 9. Bxc6 bxc6 10. dxe5 dxe5 11. Nbd2 Bg4 12. Qa4 Qd6 13. Nc4 Qe6 14. Nfxe5
Be2 15. Rfe1 Bxc4 16. Nxc4 Nd7 17. Nd2 Rae8 18. Qc4 Qg6 19. Bg3 1-0

[Event "MCRE_O22"]
[Site "?"]
[Date "2004.??.??"]
[Round "?"]
[White "Sedlaty, Martin"]
[Black "Rotter, Walter"]
[Result "0-1"]
[WhiteElo "1800"]
[BlackElo "1938"]
[PlyCount "43"]
[EventDate "2004.??.??"]
[EventType "corr"]
[EventRounds "2"]
[SourceDate "2005.03.12"]

1. Nf3 d5 2. g3 Nf6 3. Bg2 c6 4. O-O Bg4 5. d4 Nbd7 6. Nbd2 e6 7. c4 Bd6 8. h3
Bh5 9. a3 O-O 10. b3 e5 11. dxe5 Nxe5 12. Bb2 Nxf3+ 13. Nxf3 dxc4 14. bxc4 Qe7
15. Qb3 Ne4 16. Rfd1 Nc5 17. Qc3 f6 18. Nd4 Na4 19. Qc2 Nxb2 20. Nf5 Qxe2 21.
Rd2 Qe5 22. Nd4 0-1

[Event "MCRE_O22"]
[Site "?"]
[Date "2004.??.??"]
[Round "?"]
[White "Pauschek, Roman"]
[Black "Sedlaty, Martin"]
[Result "1/2-1/2"]
[WhiteElo "2082"]
[BlackElo "1800"]
[PlyCount "64"]
[EventDate "2004.??.??"]
[EventType "corr"]
[EventRounds "2"]
[SourceDate "2005.03.12"]

1. d4 d5 2. c4 c6 3. Nf3 dxc4 4. e3 Bf5 5. Bxc4 e6 6. O-O Nf6 7. Nc3 Nbd7 8. a3
Bd6 9. Re1 Bg4 10. h3 Nb6 11. Bd3 Bh5 12. e4 Nfd7 13. Be3 e5 14. g4 Bg6 15.
dxe5 Bxe5 16. Nxe5 Nxe5 17. Be2 Nec4 18. Bxb6 Nxb6 19. Qxd8+ Rxd8 20. b4 f6 21.
a4 Bf7 22. a5 Nc4 23. b5 Kd7 24. Bxc4 Bxc4 25. Reb1 Kc8 26. Rb4 cxb5 27. Nxb5
Bxb5 28. Rxb5 Rhe8 29. f3 Re5 30. Rb3 Rd2 31. Rc1+ Kd8 32. Rxb7 Rxa5 1/2-1/2

[Event "MCRE_O22"]
[Site "?"]
[Date "2004.??.??"]
[Round "?"]
[White "Stika, Vaclav"]
[Black "Sedlaty, Martin"]
[Result "1/2-1/2"]
[WhiteElo "1831"]
[BlackElo "1800"]
[PlyCount "70"]
[EventDate "2004.??.??"]
[EventType "corr"]
[EventRounds "2"]
[SourceDate "2005.03.12"]

1. e4 e6 2. d4 d5 3. Nc3 Nf6 4. Bg5 dxe4 5. Nxe4 Be7 6. Bxf6 Bxf6 7. Nxf6+ Qxf6
8. c3 Nd7 9. Qf3 c5 10. Qxf6 Nxf6 11. dxc5 Ne4 12. c6 bxc6 13. Bd3 Nc5 14. Bc2
Nd7 15. Nf3 Bb7 16. O-O-O c5 17. Ba4 O-O-O 18. Bxd7+ Rxd7 19. Ne5 Re7 20. f3 f6
21. Nd3 Rc7 22. Nf4 Re8 23. Rd2 e5 24. Nd5 Rd7 25. Rhd1 Red8 26. Ne3 Rxd2 27.
Rxd2 Rxd2 28. Kxd2 Kd7 29. a3 a5 30. b3 Ba6 31. g3 Ke6 32. h4 g6 33. f4 h6 34.
fxe5 fxe5 35. Ng4 h5 1/2-1/2

[Event "MCRE_O22"]
[Site "?"]
[Date "2004.??.??"]
[Round "?"]
[White "Rotter, Walter"]
[Black "Stika, Vaclav"]
[Result "1/2-1/2"]
[WhiteElo "1938"]
[BlackElo "1831"]
[PlyCount "69"]
[EventDate "2004.??.??"]
[EventType "corr"]
[EventRounds "2"]
[SourceDate "2005.03.12"]

1. d4 Nf6 2. c4 e6 3. Nf3 d5 4. Nc3 c6 5. Bg5 dxc4 6. e4 b5 7. e5 h6 8. Bh4 g5
9. Nxg5 hxg5 10. Bxg5 Nbd7 11. g3 Bb7 12. Bg2 Be7 13. exf6 Nxf6 14. h4 Nd5 15.
Bxe7 Qxe7 16. Ne4 O-O-O 17. O-O Nb6 18. Qd2 f5 19. Ng5 c5 20. Bxb7+ Kxb7 21.
Rfe1 Rxd4 22. Qe3 f4 23. Qxe6 Qxe6 24. Nxe6 Rd2 25. Nxc5+ Kc6 26. b4 fxg3 27.
fxg3 Rg8 28. Re6+ Kd5 29. Re3 Na4 30. Nxa4 bxa4 31. Rf3 Kd4 32. Rc1 Rxa2 33. h5
a3 34. Rd1+ Ke4 35. Rc3 1/2-1/2

[Event "MCRE_O22"]
[Site "?"]
[Date "2004.??.??"]
[Round "?"]
[White "Sedlaty, Martin"]
[Black "Jezek, Otakar"]
[Result "1-0"]
[WhiteElo "1800"]
[BlackElo "1800"]
[PlyCount "68"]
[EventDate "2004.??.??"]
[EventType "corr"]
[EventRounds "2"]
[SourceDate "2005.03.12"]

1. e4 e5 2. Nf3 d6 3. d4 exd4 4. Nxd4 Nf6 5. Nc3 Be7 6. Bd3 O-O 7. O-O Nbd7 8.
Nf5 Ne5 9. Nxe7+ Qxe7 10. Bg5 Be6 11. f4 Nxd3 12. Qxd3 h6 13. Bh4 c6 14. f5 Bc8
15. Rad1 Rd8 16. Qd4 Rd7 17. Rd2 c5 18. Qd3 Kh8 19. Nd5 Qxe4 20. Qxe4 Nxe4 21.
Re2 Ng5 22. Bxg5 Kh7 23. Re8 hxg5 24. g4 g6 25. f6 Rc7 26. Nxc7 Rb8 27. Rfe1
Bxg4 28. Rxb8 Bd7 29. Rf8 Be6 30. Nxe6 fxe6 31. Rb8 g4 32. f7 g3 33. f8=Q gxh2+
34. Kxh2 g5 1-0

[Event "MCRE_O22"]
[Site "?"]
[Date "2004.??.??"]
[Round "?"]
[White "Rotter, Walter"]
[Black "Sedlaty, Martin"]
[Result "1/2-1/2"]
[WhiteElo "1938"]
[BlackElo "1800"]
[PlyCount "83"]
[EventDate "2004.??.??"]
[EventType "corr"]
[EventRounds "2"]
[SourceDate "2005.03.12"]

1. d4 Nf6 2. c4 g6 3. Nc3 Bg7 4. e4 d6 5. Be2 O-O 6. Nf3 c5 7. O-O cxd4 8. Nxd4
Nbd7 9. Be3 Nc5 10. f3 Bd7 11. b4 Ne6 12. Qd2 Rc8 13. Nb3 b6 14. Rac1 Bc6 15.
Rfd1 Nd7 16. Nd5 f5 17. exf5 gxf5 18. Nf4 Nxf4 19. Bxf4 Qe8 20. c5 bxc5 21.
bxc5 e5 22. Bh6 Bxh6 23. Qxh6 d5 24. Na5 Rf6 25. Qg5+ Qg6 26. Qxg6+ hxg6 27.
Nxc6 Rfxc6 28. Rxd5 Rxc5 29. Rcxc5 Nxc5 30. Rxe5 Kf7 31. Bc4+ Kf6 32. Re2 Ne4
33. fxe4 Rxc4 34. exf5 gxf5 35. g3 Kg5 36. Rf2 a6 37. Kf1 a5 38. Ke2 Rc3 39.
Kd1 Ra3 40. Kc1 a4 41. Kb2 Re3 42. Kc2 1/2-1/2

[Event "MCRE_O22"]
[Site "?"]
[Date "2004.??.??"]
[Round "?"]
[White "Jezek, Otakar"]
[Black "Stika, Vaclav"]
[Result "0-1"]
[WhiteElo "1800"]
[BlackElo "1831"]
[PlyCount "54"]
[EventDate "2004.??.??"]
[EventType "corr"]
[EventRounds "2"]
[SourceDate "2005.03.12"]

1. c4 e5 2. e4 Nc6 3. Nf3 Bc5 4. Nxe5 Nxe5 5. d4 Bb4+ 6. Bd2 Bxd2+ 7. Qxd2 Ng4
8. Nc3 N8h6 9. Bd3 O-O 10. O-O g6 11. f4 f5 12. Rae1 c6 13. d5 fxe4 14. Bxe4
Nf6 15. dxc6 bxc6 16. Kh1 Nxe4 17. Nxe4 d5 18. Ng5 dxc4 19. Qc1 Qd5 20. Ne6 Rf7
21. Re2 Nf5 22. Qc2 Re7 23. Rfe1 Re8 24. Qd1 Qxd1 25. Rxd1 Ng7 26. g4 Rxe6 27.
Rxe6 Nxe6 0-1

[Event "MCRE_O22"]
[Site "?"]
[Date "2004.??.??"]
[Round "?"]
[White "Jezek, Otakar"]
[Black "Rotter, Walter"]
[Result "0-1"]
[WhiteElo "1800"]
[BlackElo "1938"]
[PlyCount "73"]
[EventDate "2004.??.??"]
[EventType "corr"]
[EventRounds "2"]
[SourceDate "2005.03.12"]

1. g3 d5 2. Nf3 Nf6 3. d4 e6 4. Bg2 c5 5. O-O Nc6 6. c3 Be7 7. dxc5 Bxc5 8.
Nbd2 O-O 9. Nb3 Bb6 10. Bg5 h6 11. Bf4 Qe7 12. Ne5 Nh5 13. Qd2 Nxf4 14. Qxf4
Bc7 15. Nxc6 bxc6 16. Qf3 Ba6 17. Rfd1 Rab8 18. Rd2 f5 19. e4 fxe4 20. Qh5 Bb6
21. Nd4 Qf6 22. Nxc6 e3 23. Rdd1 e2 24. Rdc1 Bxf2+ 25. Kh1 Rxb2 26. h3 e1=Q+
27. Rxe1 Bxe1 28. Rxe1 Qf2 29. Ne7+ Kh7 30. Rg1 Bf1 31. Qg6+ Kh8 32. Qe4 dxe4
33. Ng6+ Kg8 34. Ne7+ Kh7 35. Bxe4+ g6 36. Bxg6+ Kh8 37. Bc2 0-1

[Event "MCRE_O22"]
[Site "?"]
[Date "2004.??.??"]
[Round "?"]
[White "Stika, Vaclav"]
[Black "Pauschek, Roman"]
[Result "1-0"]
[WhiteElo "1831"]
[BlackElo "2082"]
[PlyCount "87"]
[EventDate "2004.??.??"]
[EventType "corr"]
[EventRounds "2"]
[SourceDate "2005.03.12"]

1. e4 e5 2. Nf3 Nc6 3. Bb5 a6 4. Ba4 Nf6 5. O-O Be7 6. Re1 b5 7. Bb3 d6 8. c3
O-O 9. d4 Bg4 10. d5 Na5 11. Bc2 c6 12. h3 Bxf3 13. Qxf3 cxd5 14. exd5 Nc4 15.
Nd2 Nb6 16. Ne4 Nbxd5 17. Bg5 h6 18. Bxf6 Nxf6 19. Rad1 Qd7 20. Ng3 Rad8 21.
Rxe5 dxe5 22. Rxd7 Rxd7 23. Nf5 Bd8 24. Qg3 g6 25. Nxh6+ Kg7 26. Nf5+ Kh8 27.
Ne3 Re8 28. a4 Rd6 29. Bb3 Re7 30. Qg5 Kh7 31. axb5 axb5 32. Kf1 Ra6 33. g3 Rd6
34. Kg2 Rb6 35. h4 Rc6 36. h5 Nxh5 37. Bxf7 Rxf7 38. Qxd8 Nf6 39. Qb8 Rcc7 40.
Qxb5 Rb7 41. Qe2 Rb3 42. Nc4 e4 43. Qe3 Rc7 44. Ne5 1-0

[Event "MCRE_O22"]
[Site "?"]
[Date "2004.??.??"]
[Round "?"]
[White "Rotter, Walter"]
[Black "Minovsky, Roman"]
[Result "1/2-1/2"]
[WhiteElo "1938"]
[BlackElo "1994"]
[PlyCount "51"]
[EventDate "2004.??.??"]
[EventType "corr"]
[EventRounds "2"]
[SourceDate "2005.03.12"]

1. d4 d5 2. Nf3 Nf6 3. c4 c6 4. Nc3 dxc4 5. a4 Bf5 6. e3 e6 7. Bxc4 Bb4 8. O-O
Nbd7 9. Qe2 Bg6 10. Rd1 O-O 11. Ne5 Nxe5 12. dxe5 Nd7 13. f4 Qe7 14. Na2 Nb6
15. b3 Nxc4 16. Nxb4 Qxb4 17. Qxc4 Qxc4 18. bxc4 c5 19. Ra2 Rfd8 20. Rad2 Rxd2
21. Rxd2 Be4 22. Kf2 Kf8 23. Ba3 b6 24. g3 Ke8 25. a5 Rd8 26. Rxd8+ 1/2-1/2

[Event "MCRE_O22"]
[Site "?"]
[Date "2004.??.??"]
[Round "?"]
[White "Sedlaty, Martin"]
[Black "Stika, Vaclav"]
[Result "1-0"]
[WhiteElo "1800"]
[BlackElo "1831"]
[PlyCount "117"]
[EventDate "2004.??.??"]
[EventType "corr"]
[EventRounds "2"]
[SourceDate "2005.03.12"]

1. Nf3 Nf6 2. c4 c5 3. Nc3 Nc6 4. d4 cxd4 5. Nxd4 g6 6. e4 Bg7 7. Nxc6 dxc6 8.
Qxd8+ Kxd8 9. Bf4 Nd7 10. O-O-O e5 11. Be3 f5 12. g3 Rf8 13. Bc5 Rf6 14. Bd6
Ke8 15. Bh3 Bf8 16. Bc7 Rf7 17. f4 exf4 18. exf5 gxf5 19. Rhe1+ Be7 20. Bxf4
Nf8 21. Bh6 Rf6 22. Bg5 Re6 23. Bxe7 Rxe7 24. Rf1 Re5 25. Rde1 Rxe1+ 26. Rxe1+
Kf7 27. Rf1 Kf6 28. Bxf5 Bxf5 29. g4 Re8 30. Rxf5+ Kg6 31. Kd2 Nd7 32. h3 Ne5
33. b3 Rd8+ 34. Kc2 Nd3 35. Ne4 Nb4+ 36. Kb2 Re8 37. Rg5+ Kh6 38. Rh5+ Kg6 39.
Nd6 Re2+ 40. Ka3 Nxa2 41. Nxb7 Nc1 42. h4 Rh2 43. Rg5+ Kf6 44. Rf5+ Kg6 45. h5+
Kh6 46. Rf6+ Kg5 47. Rxc6 Kxg4 48. h6 Kg5 49. c5 Rh3 50. Na5 Ne2 51. Rd6 Nc3
52. Kb4 Na2+ 53. Kb5 Rf3 54. c6 Rf5+ 55. Kc4 Rf4+ 56. Rd4 Rf7 57. Rd7 Rf4+ 58.
Kc5 Nb4 59. Rxa7 1-0

[Event "MCRE_O22"]
[Site "?"]
[Date "2004.??.??"]
[Round "?"]
[White "Pauschek, Roman"]
[Black "Stika, Vaclav"]
[Result "1-0"]
[WhiteElo "2082"]
[BlackElo "1831"]
[PlyCount "97"]
[EventDate "2004.??.??"]
[EventType "corr"]
[EventRounds "2"]
[SourceDate "2005.03.12"]

1. d4 Nf6 2. c4 e6 3. Nc3 Bb4 4. Qc2 d5 5. cxd5 exd5 6. Bg5 c6 7. e3 h6 8. Bh4
g5 9. Bg3 h5 10. Nf3 Ne4 11. Bd3 Nxg3 12. hxg3 Nd7 13. a3 Be7 14. O-O-O g4 15.
Nh4 Nf6 16. Nf5 Bxf5 17. Bxf5 Qa5 18. Kb1 Qb6 19. Na4 Qc7 20. Rd3 Bd6 21. Rb3
Qe7 22. Nc5 Bxc5 23. dxc5 Rg8 24. Qc3 Ne4 25. Bxe4 Qxe4+ 26. Ka2 O-O-O 27. Qa5
Kb8 28. Qa6 Rd7 29. Qxc6 Rc7 30. Qd6 Qf5 31. Rb4 Qxf2 32. Rxh5 Qxe3 33. Rxg4
Re8 34. Rxd5 Qe2 35. Rgd4 Qe6 36. g4 Kc8 37. g5 b6 38. cxb6 axb6 39. Qxe6+ fxe6
40. Rd6 Kb7 41. a4 Rc6 42. Rd7+ Rc7 43. g6 Rxd7 44. Rxd7+ Kc6 45. Ra7 e5 46. g7
Kd5 47. Kb3 e4 48. Kc3 Rg8 49. b4 1-0

[Event "MCRE_O22"]
[Site "?"]
[Date "2004.??.??"]
[Round "?"]
[White "Rotter, Walter"]
[Black "Pauschek, Roman"]
[Result "1/2-1/2"]
[WhiteElo "1938"]
[BlackElo "2082"]
[PlyCount "103"]
[EventDate "2004.??.??"]
[EventType "corr"]
[EventRounds "2"]
[SourceDate "2005.03.12"]

1. d4 d5 2. Nf3 Nf6 3. c4 e6 4. Nc3 c6 5. e3 Nbd7 6. Qc2 Bd6 7. Be2 O-O 8. O-O
dxc4 9. Bxc4 a6 10. Rd1 b5 11. Be2 Qc7 12. e4 e5 13. g3 Re8 14. a3 exd4 15.
Nxd4 Be5 16. Be3 c5 17. Nf5 Nb6 18. Bf3 Be6 19. Nd5 Nfxd5 20. exd5 Bxf5 21.
Qxf5 Nc4 22. Bc1 Nd6 23. Qc2 c4 24. Bd2 Qe7 25. Bc3 Rad8 26. Re1 Qf6 27. Re3
Bxc3 28. Qxc3 Qxc3 29. bxc3 Rxe3 30. fxe3 f5 31. Kf1 Rb8 32. Rb1 Kf7 33. Ke2
Kf6 34. Rd1 Ke5 35. Rd4 g5 36. g4 b4 37. axb4 a5 38. bxa5 Ra8 39. h4 h6 40.
gxf5 Rxa5 41. hxg5 hxg5 42. Rg4 Ra2+ 43. Ke1 Kxf5 44. e4+ Kf6 45. Bg2 Nf7 46.
Rg3 Ne5 47. Bf1 g4 48. Bxc4 Nxc4 49. Rxg4 Ke5 50. Rg8 Kxe4 51. Rf8 Kxd5 52. Rf2
1/2-1/2

[Event "MCRE_O22"]
[Site "?"]
[Date "2004.??.??"]
[Round "?"]
[White "Pauschek, Roman"]
[Black "Rotter, Walter"]
[Result "1-0"]
[WhiteElo "2082"]
[BlackElo "1938"]
[PlyCount "110"]
[EventDate "2004.??.??"]
[EventType "corr"]
[EventRounds "2"]
[SourceDate "2005.03.12"]

1. d4 Nf6 2. c4 e6 3. Nc3 c5 4. d5 exd5 5. cxd5 d6 6. e4 g6 7. f4 Bg7 8. Bb5+
Nfd7 9. a4 O-O 10. Nf3 Na6 11. O-O Rb8 12. Re1 Nc7 13. e5 Nb6 14. Be2 Bg4 15.
h3 Bxf3 16. Bxf3 Re8 17. a5 Nc4 18. Be3 dxe5 19. fxe5 Rxe5 20. Bxc5 b6 21. Rxe5
Bxe5 22. axb6 axb6 23. Bd4 Bxd4+ 24. Qxd4 Nd6 25. Qe5 Nce8 26. Ne2 Qf6 27. Qxf6
Nxf6 28. Nd4 Kg7 29. Ra6 Nd7 30. b4 Kf6 31. Nc6 Rb7 32. Ra1 b5 33. g4 Ne5 34.
Bg2 Nec4 35. h4 Kg7 36. Ra8 f5 37. g5 h6 38. Nd8 Re7 39. Ne6+ Kh7 40. Kf2 hxg5
41. hxg5 Rf7 42. Ra6 f4 43. Nc5 Rf5 44. Ne4 f3 45. Nxd6 Nxd6 46. Bxf3 Ne4+ 47.
Ke3 Nxg5 48. Ra7+ Kh6 49. Bg2 Nf7 50. Bh3 Rf6 51. Kd4 Rf4+ 52. Kc5 Rc4+ 53. Kb6
Nd6 54. Rd7 Ne4 55. Kxb5 Rd4 1-0

[Event "MCRE_O22"]
[Site "?"]
[Date "2004.??.??"]
[Round "?"]
[White "Stika, Vaclav"]
[Black "Jezek, Otakar"]
[Result "1-0"]
[WhiteElo "1831"]
[BlackElo "1800"]
[PlyCount "113"]
[EventDate "2004.??.??"]
[EventType "corr"]
[EventRounds "2"]
[SourceDate "2005.03.12"]

1. e4 b6 2. d4 Bb7 3. Nd2 d5 4. exd5 Bxd5 5. Ngf3 e6 6. Bb5+ Bc6 7. Qe2 Bxb5 8.
Qxb5+ c6 9. Qe2 Be7 10. O-O Nf6 11. Nc4 Nbd7 12. Nce5 Qc8 13. Re1 O-O 14. Ng5
Nxe5 15. dxe5 Nd7 16. Qd3 Bxg5 17. Bxg5 Qc7 18. Be7 Nxe5 19. Qd6 Qxd6 20. Bxd6
Nc4 21. Bxf8 Kxf8 22. b3 Nd6 23. Rad1 Ke7 24. Re3 c5 25. Rg3 Rg8 26. Kf1 b5 27.
Rh3 h6 28. a4 a6 29. Rhd3 Rd8 30. axb5 axb5 31. c4 b4 32. Ke2 Rd7 33. g4 g6 34.
f4 f6 35. f5 gxf5 36. gxf5 e5 37. Rd5 Rd8 38. Kf3 h5 39. Rxc5 Nxf5 40. Rc7+ Ke8
41. Rxd8+ Kxd8 42. Rb7 Nd4+ 43. Ke4 Nxb3 44. Rxb4 Nd2+ 45. Kd5 e4 46. Rb6 f5
47. Rf6 e3 48. Rxf5 Kd7 49. c5 Kc7 50. Re5 Nf1 51. c6 Nxh2 52. Re7+ Kb6 53.
Rb7+ Ka6 54. Rb1 e2 55. c7 Ka5 56. c8=Q e1=Q 57. Qa8# 1-0

[Event "MCRE_O22"]
[Site "?"]
[Date "2004.??.??"]
[Round "?"]
[White "Jezek, Otakar"]
[Black "Pauschek, Roman"]
[Result "0-1"]
[WhiteElo "1800"]
[BlackElo "2082"]
[PlyCount "110"]
[EventDate "2004.??.??"]
[EventType "corr"]
[EventRounds "2"]
[SourceDate "2005.03.12"]

1. g3 e5 2. d3 d5 3. Bg2 c6 4. Nf3 Bd6 5. O-O Nf6 6. c4 O-O 7. cxd5 cxd5 8. Qb3
Nbd7 9. Nc3 Nc5 10. Qc2 Ne6 11. Nb5 Bb8 12. Bd2 Bd7 13. a4 a6 14. Nc3 d4 15.
Nb1 Bd6 16. Na3 Rc8 17. Qd1 b5 18. axb5 axb5 19. e3 dxe3 20. fxe3 Qb6 21. Qe1
Ng4 22. Qe2 Nc5 23. Bb4 e4 24. dxe4 Nxe4 25. Bxd6 Nxd6 26. Nc2 Nf5 27. Rae1
Rfe8 28. Qd2 Ngxe3 29. Nxe3 Nxe3 30. Rf2 Ng4 31. Rxe8+ Rxe8 32. Qd4 Qxd4 33.
Nxd4 Nxf2 34. Kxf2 b4 35. h3 Kf8 36. h4 Bg4 37. b3 Ke7 38. Nc6+ Kd6 39. Nxb4
Re2+ 40. Kg1 Re3 41. Kh2 Bf3 42. Bxf3 Rxf3 43. Kh3 Rxb3 44. Nc2 Ke5 45. Ne1 Ke4
46. Ng2 Kf3 47. Nf4 h6 48. h5 Rb1 49. Kh2 Rb2+ 50. Kh3 Rd2 51. Ng6 fxg6 52.
hxg6 Re2 53. g4 Rd2 54. g5 h5 55. Kh4 Rh2# 0-1